000 00604nac a22001811u 4500
090 _c2284
008 080806t xxu||||| |||| 00| 0 eng d
010 _a 2004114031
020 _a0618472428
082 _a658
_bG8751
100 _aGriffin, Ricky.
245 1 0 _aFundamentals of management /
_cRicky Griffin.
250 _a4th ed.
260 _aBoston, MA :
_bHoughton Mifflin Co.,2005
_c2005.
300 _a559p.;
_c22 cm.
942 _cBB
_k658G8751
_2ddc
999 _c2284
_d2284